000
00312 a2200133 4500
003
Nust
005
20230406083514.0
040
_c
Nust
082
_a
DS Folder
245
_a
DS Folders
_c
Military Collage of Signal
260
_a
MCS
_b
Library
_c
2016
650
_a
Instr Folders
_9
100624
942
_2
ddc
_c
DS FOLDERS
999
_c
217352
_d
217352